Ergodic theory, symbolic dynamics, and hyperbolic spaces /

Guardado en:
Otros Autores: Bedford, T. (Editor ), Keane, M. S. (Editor ), Series, Caroline. (Editor )
Formato: Libro
Idioma:English
Publicado: Oxford ; New York : Oxford University Press, 1991.
Series:Oxford science publications
Materias:
Acceso en línea:Publisher description
Etiquetas: Agregar Etiqueta
Sin Etiquetas, Sea el primero en etiquetar este registro!
LEADER 01935cam a2200301 a 4500
001 MAT.inmabb006064
008 900925s1991####enka#####b####000#0#eng##
005 20130318143539.0
245 0 0 |a Ergodic theory, symbolic dynamics, and hyperbolic spaces /  |c edited by Tim Bedford, Michael Keane, Caroline Series. 
260 |a Oxford ;  |a New York :  |b Oxford University Press,  |c 1991. 
300 |a xv, 369 p. :  |b il. ;  |c 24 cm. 
440 0 |a Oxford science publications 
504 |a Incluye referencias bibliográficas. 
505 0 |a Alan F. Beardon, An introduction to hyperbolic geometry -- Michael S. Keane, Ergodic theory and subshifts of finite type -- Anthony Manning, Dynamics of geodesic and horocycle flows on surfaces of constant negative curvature -- Roy L. Adler, Geodesic flows, interval maps, and symbolic dynamics -- Caroline Series, Geometrical methods of symbolic coding -- Mark Pollicott, Closed geodesics and zeta functions -- Dieter H. Mayer, Continued fractions and related transformations -- Steven P. Lalley, Probabilistic methods in certan counting problems of ergodic theory -- Peter J. Nicholls, A measure on the limit set of a discrete group -- Peter J. Nicholls, A measure on the limit set of a discrete group -- Etienne Ghys and Pierre de la Harpe, Infinite groups as geometric objects (after Gromov) -- James W. Cannon, The theory of negatively curved spaces and groups. 
510 4 |a MR,  |c 93e:58002 
020 |a 019853390X 
020 |a 0198596855 (pbk.) 
700 1 |a Bedford, T.  |4 edt 
700 1 |a Keane, M. S.  |q (Michael S.)  |4 edt 
700 1 |a Series, Caroline.  |4 edt 
650 0 |a Ergodic theory. 
650 0 |a Symbolic dynamics. 
650 0 |a Geometry, Hyperbolic. 
084 |a 37-06 (28Dxx 58F11 37D40)  |2 MR 
010 |a  90049666  
040 |a DLC  |c DLC  |d DLC 
856 4 2 |3 Publisher description  |u http://www.loc.gov/catdir/enhancements/fy0638/90049666-d.html 
859 |h 37  |i Er67  |p A-6626  |b BIB. MATEMATICA